000 00848cam a22001934a 4500
005 20250605164024.0
008 250528s ||||||||||||||||||||||||d
035 _a16439
020 _a70232865
040 _aGR-AtMCL
_bgre
_dGR-AtMCL
_eAACR2
245 1 _aNew York is Very Much Alive / A Manpower View
260 _bMcgraw Hill Book Company,
_c1973
300 _a320
520 _aForeword, Acknowledgements, Perspective, Growth Pole, A Comparative View, Suburbanization, The Manpower Record, Opportunity and Income, Minorities, Upgrading, Career Guidance, Work and Welfare, Aging in the Getto, Planning, Higher Education, Labor Market Information, Institutions and Linkages, Human Resources Planning, Policy, Precipitations, Priorities, Notes.
700 1 _aGinzberg Eli
_92534
942 _cBK
999 _c1939
_d1939